| 000 | 00408nam a2200157 a 4500 | ||
|---|---|---|---|
| 008 | 991209s1962||||xx 0 und c | ||
| 020 | _c9,80 | ||
| 040 |
_aSNK _bslo _cSNK _eAACR2 |
||
| 100 | 1 | _aMarx, Karol | |
| 245 | 1 | 0 | _aO náboženstve |
| 260 |
_aBratislava _bSlovenské vydavateľstvo politickej literatúry _c1962 |
||
| 300 | _a363 s. | ||
| 700 | 1 | _aEngels, Fridrich | |
| 044 |
_axo _cSK |
||
| 041 | _aslo | ||
| 999 |
_c15499 _d15499 |
||